| 000 | 01165cam a2200301 a 4500 | ||
|---|---|---|---|
| 001 | 690217 | ||
| 003 | OSt | ||
| 005 | 20230605112957.0 | ||
| 008 | 960507s1996 azuab b 001 0 eng | ||
| 010 | _a 96020568 | ||
| 020 | _a0897749448 (acidfree paper) | ||
| 040 |
_aDLC _cDLC _dDLC |
||
| 043 | _an-us--- | ||
| 050 | 0 | 0 |
_aKF4945.Z9 _bN43 1996 |
| 082 | 0 | 0 |
_a328.73/0773 _220 |
| 100 | 1 | _aNeal, Tommy. | |
| 245 | 1 | 0 |
_aLawmaking and the legislative process : _bcommittees, connections, and compromises / _cby Tommy Neal ; National Conference of State Legislatures. |
| 260 |
_aPhoenix, Ariz. : _bOryx Press, _c1996. |
||
| 300 |
_aix, 211 p. : _bill., maps : _c23 cm. |
||
| 504 | _aIncludes bibliographical references (p. [191]-193) and index. | ||
| 650 | 0 |
_aLegislation _zUnited States _xStates. |
|
| 650 | 0 |
_aBill drafting _zUnited States _xStates. |
|
| 650 | 0 |
_aLegislative bodies _zUnited States _xStates _xCommittees. |
|
| 710 | 2 | _aNational Conference of State Legislatures. | |
| 906 |
_a7 _bcbc _corignew _d1 _eocip _f19 _gy-gencatlg |
||
| 942 |
_2ddc _cBK |
||
| 999 |
_c318 _d318 |
||